000 00813nam a22002897a 4500
003 CHAP
005 20220329135119.0
008 971013s1930 r 00010 d
010 _a31137
011 _a32109
035 _a36222
040 _cCHAP
082 _a551
_bL65
100 0 0 _aLongwell, Chester R.
_967603
245 _aOutlines of physical geology
260 _aNew York :
_bWiley,
_c1930
300 _a376 p.
_b: ilus.
590 _aBATCH-UPD
_b10
_c20130110
_lUCH01
_h1804
590 _aBATCH-UPD
_b10
_c20130410
_lUCH01
_h1140
590 _aBATCH-UPD
_b10
_c20130914
_lUCH01
_h1536
590 _aCONVERSION
_b10
_c20130109
_lUCH01
_h1318
650 1 4 _aGeofĂ­sica.
_947534
650 1 4 _aGeologĂ­a.
_947604
901 _aBK
942 _cLIBRO
949 _a551 L65
_bBC
_cBPP
_d-83428
_eBPP
_h7685
_i36222
_si
999 _c31137
_d31137